[Event "National Chess Congress"]
[Site "Philadelphia United States"]
[Date "2008.11.28"]
[Round "1.1"]
[White "Fleischman, Eric"]
[Black "Erenburg, Sergey"]
[Result "0-1"]
[WhiteElo "2267"]
[BlackElo "2637"]
[PlyCount "64"]
[EventDate "2008.11.28"]
[Source "MonRoi"]

1. d4 d5 2. Nc3 c6 3. e4 dxe4 4. Nxe4 Bf5 5. Nc5 Nd7 6. Bd3 Nxc5 7. Bxf5 e6 8.
Bg4 Ne4 9. Bf3 Ngf6 10. Qd3 Nd6 11. Ne2 Nf5 12. g3 Be7 13. O-O h6 14. Rd1 O-O
15. Qb3 Qc7 16. Bf4 Bd6 17. Bxd6 Nxd6 18. c4 Rfd8 19. Rac1 Rac8 20. Nc3 Nf5 21.
d5 e5 22. Qa3 Nd4 23. Bg2 cxd5 24. cxd5 b5 25. Bh3 Rb8 26. Nxb5 Ne2+ 27. Kf1
Qb6 28. Kxe2 Qxb5+ 29. Ke1 Rxd5 30. b3 Rbd8 31. Qxa7 Qb4+ 32. Ke2 Rd2+ 0-1

[Event "National Chess Congress"]
[Site "Philadelphia United States"]
[Date "2008.11.28"]
[Round "1.2"]
[White "Shabalov, Alexander"]
[Black "Barnett, Alexander"]
[Result "1-0"]
[WhiteElo "2632"]
[BlackElo "2258"]
[PlyCount "65"]
[EventDate "2008.11.28"]
[Source "MonRoi"]

1. e4 c5 2. Nf3 e6 3. d4 cxd4 4. Nxd4 a6 5. Be2 Nf6 6. Nc3 d6 7. Be3 Be7 8. g4
Qc7 9. g5 Nfd7 10. a4 Nc6 11. f4 b6 12. h4 Bb7 13. h5 Nc5 14. Bf3 Nb4 15. Qe2
Qd7 16. O-O d5 17. e5 g6 18. Qg2 O-O-O 19. Nce2 Nxa4 20. c3 Nd3 21. b3 Nac5 22.
h6 Ne4 23. Rfd1 Ndc5 24. b4 Na4 25. c4 Kb8 26. b5 axb5 27. cxb5 Nac3 28. Nxc3
Nxc3 29. Rdc1 Nxb5 30. Nxb5 Qxb5 31. Qa2 Qa5 32. Qf2 Ba3 33. Bxb6 1-0

[Event "National Chess Congress"]
[Site "Philadelphia United States"]
[Date "2008.11.28"]
[Round "1.5"]
[White "Greanias, Steven"]
[Black "Lenderman, Alex"]
[Result "1-0"]
[WhiteElo "2220"]
[BlackElo "2528"]
[PlyCount "87"]
[EventDate "2008.11.28"]
[Source "MonRoi"]

1. c4 c5 2. Nf3 g6 3. d4 Bg7 4. Nc3 cxd4 5. Nxd4 Nc6 6. Nxc6 bxc6 7. e4 d6 8.
Be2 Nf6 9. O-O Qb6 10. Qc2 Rb8 11. Rb1 Be6 12. b4 Nd7 13. Be3 Qa6 14. c5 Qa3
15. b5 Bxc3 16. bxc6 Bxa2 17. cxd7+ Kxd7 18. Rbc1 Be5 19. cxd6 Rhc8 20. Bb5+
Ke6 21. Qe2 Rxc1 22. Rxc1 exd6 23. f4 Rxb5 24. fxe5 Rxe5 25. Qg4+ f5 26. exf5+
Rxf5 27. Qe4+ Re5 28. Qg4+ Kf6 29. Qh4+ g5 30. Qh6+ Ke7 31. Bxg5+ Ke8 32. Qxh7
Bc4 33. Rxc4 Qa1+ 34. Rc1 Re1+ 35. Kf2 Qd4+ 36. Kxe1 Qg1+ 37. Kd2 Qxg2+ 38. Kc3
Qc6+ 39. Kd4 Qa4+ 40. Ke3 Qa3+ 41. Kf2 Qb2+ 42. Rc2 Qd4+ 43. Be3 Qf6+ 44. Ke2
1-0

[Event "National Chess Congress"]
[Site "Philadelphia United States"]
[Date "2008.11.28"]
[Round "1.6"]
[White "Foisor, Sabina"]
[Black "Fayvinov, Zakhar"]
[Result "1-0"]
[WhiteElo "2495"]
[BlackElo "2216"]
[PlyCount "73"]
[EventDate "2008.11.28"]
[Source "MonRoi"]

1. d4 d5 2. c4 e6 3. Nc3 c5 4. cxd5 cxd4 5. Qa4+ Bd7 6. Qxd4 exd5 7. Qxd5 Nc6
8. e3 Nf6 9. Qd1 Bc5 10. Nf3 Qe7 11. Be2 O-O-O 12. Bd2 g5 13. Rc1 Kb8 14. O-O
g4 15. Nd4 h5 16. b4 Bxb4 17. Rb1 Nxd4 18. exd4 Bf5 19. Rxb4 Qxb4 20. Nb5 Qb2
21. Bf4+ Ka8 22. Qa4 a6 23. Nc7+ Ka7 24. Bxa6 Kb6 25. Bxb7 Bd3 26. Rd1 Kxb7 27.
Rxd3 Qb1+ 28. Rd1 Qb6 29. d5 Nd7 30. Qc2 Qg6 31. Rb1+ Nb6 32. Qb3 Rb8 33. d6
Kc8 34. Nd5 Nxd5 35. Qxb8+ Kd7 36. Qb7+ Ke6 37. Re1+ 1-0

[Event "National Chess Congress"]
[Site "Philadelphia United States"]
[Date "2008.11.28"]
[Round "1.10"]
[White "Quan, Zhe"]
[Black "Stijovic, Zivko"]
[Result "1-0"]
[WhiteElo "2465"]
[BlackElo "2200"]
[PlyCount "59"]
[EventDate "2008.11.28"]
[Source "MonRoi"]

1. d4 d5 2. c4 Nf6 3. Nc3 e6 4. Bg5 Be7 5. cxd5 Nxd5 6. Bxe7 Qxe7 7. Nxd5 exd5
8. e3 O-O 9. Bd3 f5 10. Ne2 f4 11. exf4 Rxf4 12. O-O Rf6 13. Qc2 Rh6 14. g3 c6
15. Nf4 Na6 16. Rae1 Qf8 17. a3 Bd7 18. Qb3 Nc7 19. Qxb7 Qd6 20. Re5 Rf8 21.
Rfe1 Rhf6 22. R1e3 a5 23. Qa7 h6 24. h4 Rxf4 25. gxf4 Rxf4 26. Qc5 Qf6 27. Qe7
Qxe7 28. Rxe7 Rf7 29. Bg6 Rf6 30. h5 1-0

[Event "National Chess Congress"]
[Site "Philadelphia United States"]
[Date "2008.11.28"]
[Round "1.18"]
[White "Yeager, Daniel"]
[Black "Shvartsman, Andrew"]
[Result "1-0"]
[WhiteElo "2343"]
[BlackElo "2147"]
[PlyCount "79"]
[EventDate "2008.11.28"]
[Source "MonRoi"]

1. d4 Nf6 2. c4 g6 3. Nc3 Bg7 4. e4 d6 5. h3 O-O 6. Bg5 Nc6 7. Nf3 Qe8 8. d5
Ne5 9. Nxe5 dxe5 10. c5 c6 11. Bc4 b5 12. cxb6 axb6 13. Bxf6 Bxf6 14. dxc6 e6
15. Bb5 Ba6 16. a4 Qe7 17. O-O Qb4 18. Qe2 Bc8 19. Rfd1 Be7 20. Na2 Qa5 21. Qd2
Qa7 22. Qc3 Qc7 23. Rd3 Bc5 24. Qc4 f5 25. Nc3 Bxf2+ 26. Kh1 Qe7 27. Rad1 Ra7
28. b4 f4 29. Qb3 f3 30. Rxf3 Rxf3 31. gxf3 Qh4 32. Bf1 Rf7 33. Nb5 Qg5 34. Bg2
Be3 35. Nd6 Rf6 36. Nxc8 Bf4 37. Ne7+ Kg7 38. c7 Qg3 39. Kg1 Qh2+ 40. Kf1 1-0

[Event "National Chess Congress"]
[Site "Philadelphia United States"]
[Date "2008.11.28"]
[Round "1.19"]
[White "Chan, Julian"]
[Black "Zlotnikov, Mikhail"]
[Result "0-1"]
[WhiteElo "2109"]
[BlackElo "2338"]
[PlyCount "110"]
[EventDate "2008.11.28"]
[Source "MonRoi"]

1. c4 Nf6 2. g3 g6 3. Bg2 Bg7 4. Nc3 O-O 5. d3 d6 6. e4 c6 7. Nge2 Nbd7 8. O-O
a6 9. a4 a5 10. h3 e5 11. Be3 Nc5 12. Rb1 Be6 13. Qd2 Qd7 14. Kh2 Nb3 15. Qd1
Nd4 16. f4 Nxe2 17. Qxe2 exf4 18. gxf4 d5 19. Bc5 Rfe8 20. e5 Nh5 21. cxd5 Bxd5
22. Nxd5 cxd5 23. d4 Bh6 24. f5 Nf4 25. Qg4 Qxf5 26. Qxf5 gxf5 27. Bh1 Re6 28.
Rf3 b6 29. Bd6 Rc8 30. Rc3 Ree8 31. Rg1+ Kh8 32. e6 Nxe6 33. Be5+ Bg7 34. Bxg7+
Nxg7 35. Bxd5 Ne6 36. Bc6 Red8 37. d5 Nf4 38. Rd1 Ng6 39. Rf1 Ne7 40. Rb3 Rb8
41. Rb5 Nc8 42. Rb3 Nd6 43. Re1 Kg7 44. Kg3 Kf6 45. Kf4 Rg8 46. Rc1 Rg2 47. Kf3
Rd2 48. Ke3 Ne4 49. d6 Rxd6 50. Bxe4 Re8 51. Rc4 Rde6 52. Kf3 fxe4+ 53. Ke3 Kg5
54. Rb5+ f5 55. h4+ Kg4 0-1

[Event "National Chess Congress"]
[Site "Philadelphia United States"]
[Date "2008.11.28"]
[Round "1.23"]
[White "Eng, Kenneth"]
[Black "Dougherty, Michael"]
[Result "0-1"]
[WhiteElo "2045"]
[BlackElo "2282"]
[PlyCount "60"]
[EventDate "2008.11.28"]
[Source "MonRoi"]

1. d4 d6 2. c4 e5 3. Nf3 e4 4. Ng5 f5 5. Nc3 h6 6. Nh3 g5 7. g3 Bg7 8. e3 Nf6
9. Ng1 Nc6 10. a3 Bd7 11. b4 Ne7 12. Bb2 c6 13. Qc2 a5 14. Nge2 Be6 15. Nc1 d5
16. c5 axb4 17. axb4 Rxa1 18. Bxa1 f4 19. gxf4 gxf4 20. Rg1 Kf7 21. Nb3 Nf5 22.
exf4 Nh5 23. Ne2 Qh4 24. Ng3 Nxf4 25. Nxf5 Bxf5 26. h3 Nd3+ 27. Bxd3 exd3 28.
Qa2 Re8+ 29. Kd1 Bxh3 30. Qa7 Re7 0-1

[Event "National Chess Congress"]
[Site "Philadelphia United States"]
[Date "2008.11.28"]
[Round "2.1"]
[White "Erenburg, Sergey"]
[Black "Heimann, Mark"]
[Result "1-0"]
[WhiteElo "2637"]
[BlackElo "2407"]
[PlyCount "55"]
[EventDate "2008.11.28"]
[Source "MonRoi"]

1. e4 e6 2. d4 d5 3. Nd2 c5 4. Ngf3 cxd4 5. exd5 Qxd5 6. Bc4 Qd6 7. O-O Nf6 8.
Nb3 Nc6 9. Nbxd4 Nxd4 10. Nxd4 a6 11. Re1 Qc7 12. Qe2 Bd6 13. Bg5 O-O 14. g3
Qc5 15. Bxf6 gxf6 16. Rad1 Be5 17. c3 Bc7 18. Bd3 Kh8 19. Be4 Rb8 20. Nb3 Qg5
21. Qc4 Bd8 22. Qb4 Rg8 23. Qd6 Qe5 24. Qd3 Qh5 25. Bf3 Qg5 26. Qd6 Ra8 27. Nc5
Ra7 28. Qxd8 1-0

[Event "National Chess Congress"]
[Site "Philadelphia United States"]
[Date "2008.11.28"]
[Round "2.2"]
[White "Bonin, Jay"]
[Black "Shabalov, Alexander"]
[Result "0-1"]
[WhiteElo "2409"]
[BlackElo "2632"]
[PlyCount "68"]
[EventDate "2008.11.28"]
[Source "MonRoi"]

1. g3 d5 2. Bg2 c6 3. Nf3 Bg4 4. O-O Nd7 5. d3 e6 6. Nbd2 Bd6 7. b3 Ne7 8. Bb2
O-O 9. c4 a5 10. a3 Qb8 11. d4 f5 12. Ng5 f4 13. f3 Bf5 14. g4 h6 15. gxf5 hxg5
16. fxe6 Nf6 17. Bh3 Qe8 18. Rf2 Qh5 19. Qf1 g4 20. fxg4 Nxg4 21. Bxg4 Qxg4+
22. Qg2 Qxe6 23. Kh1 Nf5 24. cxd5 cxd5 25. Rg1 Rf6 26. Nf1 g6 27. Qf3 Kg7 28.
Rg5 Rc8 29. Qd3 Ng3+ 30. hxg3 fxg3 31. Rf3 Qh3+ 32. Kg1 Rh8 33. Nxg3 Bxg3 34.
Rgxg3 Qh2+ 0-1

[Event "National Chess Congress"]
[Site "Philadelphia United States"]
[Date "2008.11.28"]
[Round "2.4"]
[White "Zlotnikov, Mikhail"]
[Black "Foisor, Sabina"]
[Result "1-0"]
[WhiteElo "2338"]
[BlackElo "2495"]
[PlyCount "137"]
[EventDate "2008.11.28"]
[Source "MonRoi"]

1. c4 c5 2. Nf3 g6 3. Nc3 Bg7 4. d4 cxd4 5. Nxd4 Nf6 6. e4 d6 7. Be2 O-O 8. O-O
a6 9. Be3 b6 10. f3 Bb7 11. Qd2 Re8 12. Rac1 Nbd7 13. b4 Rc8 14. a3 Qc7 15. Nd5
Qb8 16. Rfd1 e6 17. Nxf6+ Bxf6 18. Nb3 d5 19. cxd5 Rxc1 20. Nxc1 exd5 21. exd5
Qe5 22. Bd4 Qxd5 23. Bxf6 Nxf6 24. Qf4 Qc6 25. Rd6 Qc3 26. Qd2 Qxd2 27. Rxd2
Rc8 28. Nd3 Kg7 29. Ne5 Re8 30. Nc4 Re6 31. Kf2 h5 32. Rd6 b5 33. Rxe6 fxe6 34.
Nd6 Bc6 35. Ke3 e5 36. Bd3 Nd5+ 37. Kd2 Nf6 38. h4 Bd5 39. Kc3 Bc6 40. Kd2 Bd5
41. Ke3 Nd7 42. Ne8+ Kf7 43. Nc7 Bb7 44. Be4 Bc8 45. Bc2 Nb6 46. Bb3+ Ke7 47.
Nd5+ Nxd5+ 48. Bxd5 Kf6 49. Bc6 Kf5 50. Be4+ Kf6 51. Bc2 Bb7 52. g4 hxg4 53.
fxg4 Bd5 54. Be4 Be6 55. g5+ Kf7 56. Bb7 Bd7 57. Bxa6 Bc6 58. Bc8 Ke7 59. Bg4
Kf7 60. Bf3 Bd7 61. h5 gxh5 62. Bxh5+ Ke7 63. Ke4 Kd6 64. g6 Bc6+ 65. Kf5 e4
66. g7 Bd5 67. Be2 Kc6 68. Ke5 e3 69. Kd4 1-0

[Event "National Chess Congress"]
[Site "Philadelphia United States"]
[Date "2008.11.28"]
[Round "2.5"]
[White "Ippolito, Dean"]
[Black "Nikolayev, Igor"]
[Result "1-0"]
[WhiteElo "2494"]
[BlackElo "2326"]
[PlyCount "75"]
[EventDate "2008.11.28"]
[Source "MonRoi"]

1. d4 d5 2. c4 e5 3. dxe5 d4 4. Nf3 Nc6 5. g3 Nge7 6. Bg2 Ng6 7. Bg5 Qd7 8. O-O
h6 9. Bf4 Nxf4 10. gxf4 g5 11. Nbd2 gxf4 12. Nb3 Rg8 13. Kh1 Bg7 14. Nbxd4 Nxd4
15. Qxd4 Qxd4 16. Nxd4 Bxe5 17. Rad1 Ke7 18. Rd2 a5 19. Rfd1 Ra6 20. Nb3 Rag6
21. Be4 Rg5 22. Nxa5 c6 23. Bf3 Kf6 24. Nb3 b6 25. Nd4 c5 26. Nb5 Bh3 27. Nd6
Rg2 28. Rd3 R2g7 29. Rb3 Rb8 30. Ne4+ Ke6 31. Nc3 f6 32. Na4 Bf5 33. Rxb6+ Rxb6
34. Nxb6 Bxb2 35. Nd5 Be5 36. e4 fxe3 37. Nxe3 Ra7 38. Bd5+ 1-0

[Event "National Chess Congress"]
[Site "Philadelphia United States"]
[Date "2008.11.28"]
[Round "2.6"]
[White "Heimann, Alexander"]
[Black "Sarkar, Justin"]
[Result "1-0"]
[WhiteElo "2312"]
[BlackElo "2487"]
[PlyCount "101"]
[EventDate "2008.11.28"]
[Source "MonRoi"]

1. Nf3 c5 2. c4 Nf6 3. g3 d5 4. cxd5 Nxd5 5. Bg2 Nc6 6. Nc3 Nc7 7. a3 g6 8. d3
Bg7 9. h4 h6 10. Be3 b6 11. Nd2 Bb7 12. Qa4 Qd7 13. Rc1 Na5 14. Bxb7 Nxb7 15.
O-O Qxa4 16. Nxa4 Nd5 17. Nc3 Nxe3 18. fxe3 Nd6 19. b4 cxb4 20. axb4 Kd7 21.
Nde4 Nxe4 22. Nxe4 f5 23. Nc3 Rhc8 24. Nd5 e6 25. Nf4 g5 26. hxg5 hxg5 27. Nh5
Bc3 28. Rb1 a5 29. bxa5 bxa5 30. Rb7+ Kd6 31. g4 Rcb8 32. Rf7 a4 33. gxf5 exf5
34. Ng3 Ke6 35. R7xf5 a3 36. Ne4 Bb2 37. d4 a2 38. Re5+ Kd7 39. Rf7+ Kc6 40.
Rc5+ Kb6 41. Rf6+ Ka7 42. Ra5+ Kb7 43. Nc5+ Kc7 44. Na6+ Rxa6 45. Rfxa6 a1=R+
46. Rxa1 Bxa1 47. Rxa1 Kd6 48. Ra5 Re8 49. Rxg5 Rxe3 50. Kf2 Rh3 51. e3 1-0

[Event "National Chess Congress"]
[Site "Philadelphia United States"]
[Date "2008.11.28"]
[Round "2.7"]
[White "Smith, Bryan"]
[Black "Melekhina, Alisa"]
[Result "1-0"]
[WhiteElo "2469"]
[BlackElo "2310"]
[PlyCount "101"]
[EventDate "2008.11.28"]
[Source "MonRoi"]

1. e4 e5 2. Nf3 Nc6 3. Bb5 a6 4. Ba4 Nf6 5. O-O Nxe4 6. d4 b5 7. Bb3 d5 8. dxe5
Be6 9. Qe2 Be7 10. Rd1 Na5 11. Nbd2 Nxb3 12. axb3 Nxd2 13. Bxd2 O-O 14. b4 c5
15. bxc5 Bxc5 16. h3 Qc7 17. c3 Qb6 18. b4 Be7 19. Nd4 Rae8 20. Be3 Qc7 21.
Nxe6 fxe6 22. Bd4 Ra8 23. Ra2 Qb7 24. Rda1 Rfc8 25. Qg4 Rc6 26. f4 Rf8 27. Kh1
g6 28. Kh2 Rf7 29. g3 Bd8 30. h4 Rf5 31. Qe2 Kg7 32. Kh3 Bc7 33. Ra3 Rf8 34.
Qa2 Ra8 35. g4 Qc8 36. Qf2 Qf8 37. Qf3 Bd8 38. f5 gxf5 39. Rg1 f4 40. g5 Bb6
41. Rg4 Qf5 42. Qxf4 Qxf4 43. Rxf4 Bxd4 44. cxd4 Rc4 45. Raf3 Rxb4 46. Rf7+ Kg8
47. Re7 Rc8 48. Rff7 Rc3+ 49. Kg4 Rxd4+ 50. Kh5 Rcc4 51. Rxh7 1-0

[Event "National Chess Congress"]
[Site "Philadelphia United States"]
[Date "2008.11.28"]
[Round "2.8"]
[White "Dougherty, Michael"]
[Black "Quan, Zhe"]
[Result "0-1"]
[WhiteElo "2282"]
[BlackElo "2465"]
[PlyCount "58"]
[EventDate "2008.11.28"]
[Source "MonRoi"]

1. d4 Nf6 2. c4 c5 3. d5 b5 4. cxb5 a6 5. bxa6 g6 6. Nc3 Bxa6 7. Nf3 Bg7 8. e4
Bxf1 9. Kxf1 d6 10. g3 Nbd7 11. Kg2 O-O 12. Re1 Qa5 13. h3 Rfb8 14. Re2 Ne8 15.
Rc2 Nb6 16. Qe2 Qa6 17. Qxa6 Rxa6 18. a4 Nc7 19. Nd2 f5 20. f3 Kf7 21. a5 Nd7
22. Ra4 Ne5 23. Nc4 Nxc4 24. Rxc4 Rxa5 25. g4 fxe4 26. fxe4 Rb3 27. Bd2 Ra1 28.
g5 Na6 29. Ra4 Rxc3 0-1

[Event "National Chess Congress"]
[Site "Philadelphia United States"]
[Date "2008.11.28"]
[Round "2.9"]
[White "Kuderinov, Kirill"]
[Black "Yang, Darwin"]
[Result "1-0"]
[WhiteElo "2460"]
[BlackElo "2279"]
[PlyCount "49"]
[EventDate "2008.11.28"]
[Source "MonRoi"]

1. e4 e6 2. Qe2 e5 3. f4 d6 4. Nf3 Nc6 5. c3 g6 6. d4 Bg7 7. d5 Nb8 8. fxe5
dxe5 9. c4 Ne7 10. Nc3 O-O 11. g3 f5 12. Bg2 c6 13. O-O cxd5 14. cxd5 h6 15.
Be3 Kh7 16. Rad1 b6 17. b4 Bb7 18. d6 Nec6 19. b5 Na5 20. exf5 gxf5 21. Nh4 e4
22. Nd5 Qxd6 23. Nxf5 Qxd5 24. Rxd5 Bxd5 25. Qg4 1-0

[Event "National Chess Congress"]
[Site "Philadelphia United States"]
[Date "2008.11.28"]
[Round "2.17"]
[White "Lenderman, Alex"]
[Black "Wang, Kevin"]
[Result "1-0"]
[WhiteElo "2528"]
[BlackElo "2024"]
[PlyCount "126"]
[EventDate "2008.11.28"]
[Source "MonRoi"]

1. e4 c5 2. d4 cxd4 3. c3 dxc3 4. Nxc3 Nc6 5. Nf3 d6 6. Bc4 e6 7. O-O Be7 8.
Qe2 Nf6 9. Rd1 Qc7 10. Bf4 e5 11. Nb5 Qb8 12. Bg5 a6 13. Bxf6 gxf6 14. Nc3 Bg4
15. Qe3 Qa7 16. Qh6 Rg8 17. Be2 O-O-O 18. Nd5 Be6 19. b4 f5 20. Nxe7+ Nxe7 21.
Rac1+ Kb8 22. Qf6 fxe4 23. Qxe7 Rd7 24. Qh4 exf3 25. Bxf3 Bf5 26. Qf6 Be6 27.
Be4 h5 28. Bf5 Bxf5 29. Qxf5 Rgd8 30. Rd5 Qb6 31. b5 Rc7 32. Rcd1 Ka7 33. h4
Rc5 34. bxa6 Rxd5 35. Rxd5 Qxa6 36. Qc2 Qc6 37. Qd2 b6 38. Kh2 Rd7 39. Rd3 Kb7
40. g3 d5 41. a4 Qxa4 42. Rxd5 Rxd5 43. Qxd5+ Qc6 44. Qxf7+ Ka6 45. Qxh5 b5 46.
Qe2 Kb6 47. h5 b4 48. Qe3+ Kb7 49. g4 Qc2 50. Qf3+ Kc7 51. Qf7+ Kb6 52. Qf6+
Ka5 53. h6 b3 54. Qxe5+ Kb6 55. Qd6+ Kb7 56. Qb4+ Kc7 57. Kg3 b2 58. h7 Qxh7
59. Qxb2 Qh1 60. Qc3+ Kd7 61. Qd3+ Ke7 62. Qe3+ Kd6 63. f4 Qh7 1-0

[Event "National Chess Congress"]
[Site "Philadelphia United States"]
[Date "2008.11.28"]
[Round "2.21"]
[White "Markzon, Gregory"]
[Black "Shvartsman, Andrew"]
[Result "0-1"]
[WhiteElo "2242"]
[BlackElo "2147"]
[PlyCount "64"]
[EventDate "2008.11.28"]
[Source "MonRoi"]

1. d4 Nf6 2. c4 g6 3. Nc3 Bg7 4. e4 d6 5. Be2 O-O 6. Nf3 e5 7. O-O Nc6 8. d5
Ne7 9. Nd2 Ne8 10. b4 f5 11. c5 a5 12. bxa5 dxc5 13. Nb3 Nd6 14. Nxc5 Rxa5 15.
Nb3 Ra8 16. f3 f4 17. a4 g5 18. Ba3 Rf6 19. Nc5 Kh8 20. Rc1 Rh6 21. Qb3 Qe8 22.
Ne6 Qh5 23. h3 Nc6 24. Bxd6 cxd6 25. Nxg7 Kxg7 26. dxc6 bxc6 27. Rfd1 Kh8 28.
Bf1 g4 29. fxg4 Bxg4 30. hxg4 Qh2+ 31. Kf2 Qg3+ 32. Kg1 Qe3# 0-1

[Event "National Chess Congress"]
[Site "Philadelphia United States"]
[Date "2008.11.29"]
[Round "3.1"]
[White "Quan, Zhe"]
[Black "Erenburg, Sergey"]
[Result "0-1"]
[WhiteElo "2465"]
[BlackElo "2637"]
[PlyCount "178"]
[EventDate "2008.11.28"]
[Source "MonRoi"]

1. d4 d5 2. Nf3 Nf6 3. Bg5 Ne4 4. Bf4 c5 5. c3 Nc6 6. e3 Bf5 7. Nbd2 e6 8. Nxe4
Bxe4 9. Bd3 Bxd3 10. Qxd3 c4 11. Qc2 b5 12. b3 Be7 13. bxc4 bxc4 14. Qa4 Rc8
15. Rb1 Qa5 16. Qxa5 Nxa5 17. Rb5 Bd8 18. Ke2 f6 19. Rhb1 Kd7 20. Bb8 a6 21.
R5b4 Nc6 22. Rb7+ Bc7 23. Bxc7 Rxc7 24. R7b6 Ra8 25. g4 Ne7 26. Nd2 Nc8 27.
R6b4 Nd6 28. a4 Raa7 29. f3 Rcb7 30. e4 Kc6 31. Kd1 Rxb4 32. Rxb4 Ra8 33. Ke2
a5 34. Rb1 Nc8 35. Ke3 Nb6 36. Ra1 h5 37. h3 hxg4 38. hxg4 Rh8 39. e5 Rh3 40.
exf6 gxf6 41. Nf1 e5 42. Kf2 e4 43. Ng3 Rh2+ 44. Ke3 exf3 45. Kxf3 Rc2 46. Ra3
Rb2 47. Ra1 Rc2 48. Ra3 Kd7 49. Ke3 Rg2 50. Kf3 Rb2 51. Ra1 Rb3 52. Ne2 Ke7 53.
Ra2 Ke8 54. Kf4 Kf7 55. g5 Kg6 56. gxf6 Kxf6 57. Ke3 Nc8 58. Nf4 Ne7 59. Rf2
Nf5+ 60. Kd2 Rb2+ 61. Ke1 Rxf2 62. Kxf2 Ne7 63. Kf3 Kf5 64. Ke3 Kg4 65. Ne6
Nf5+ 66. Kd2 Kf3 67. Nc7 Ne7 68. Ne6 Nc8 69. Nd8 Nb6 70. Nc6 Nxa4 71. Nxa5 Nb6
72. Nc6 Nc8 73. Ne5+ Ke4 74. Nc6 Nd6 75. Ne7 Nf5 76. Nc6 Ne3 77. Ne7 Kf3 78.
Ng8 Ng4 79. Ne7 Nf6 80. Nf5 Ne4+ 81. Kc2 Ke2 82. Ne7 Nf6 83. Nf5 Ng4 84. Ne7
Ne3+ 85. Kc1 Kd3 86. Kb2 Nd1+ 87. Ka3 Nxc3 88. Kb4 Na2+ 89. Ka3 c3 0-1

[Event "National Chess Congress"]
[Site "Philadelphia United States"]
[Date "2008.11.29"]
[Round "3.2"]
[White "Shabalov, Alexander"]
[Black "Kuderinov, Kirill"]
[Result "1-0"]
[WhiteElo "2632"]
[BlackElo "2460"]
[PlyCount "77"]
[EventDate "2008.11.28"]
[Source "MonRoi"]

1. e4 c5 2. Nf3 d6 3. d4 cxd4 4. Nxd4 Nf6 5. Nc3 g6 6. Be3 Bg7 7. f3 O-O 8. Qd2
Nc6 9. O-O-O d5 10. Kb1 e5 11. Nxc6 bxc6 12. exd5 cxd5 13. Nxd5 Be6 14. Nxf6+
Qxf6 15. Bg5 Qf5 16. g4 Qxf3 17. Bg2 Qxg4 18. Bxa8 h6 19. Bxh6 Bxh6 20. Qxh6
Rxa8 21. Rhg1 Qh3 22. Qg5 e4 23. b3 Re8 24. Rd8 Rxd8 25. Qxd8+ Kh7 26. Qd2 Qf5
27. Qd4 Qf4 28. Re1 Bf5 29. Qxa7 Qd2 30. Re3 Kh6 31. Kb2 Qd5 32. Rc3 Bg4 33.
Qe3+ Kg7 34. a4 Bf3 35. Rc5 Qd6 36. Qc3+ Kh7 37. a5 f5 38. h4 Qf8 39. Rc8 1-0

[Event "National Chess Congress"]
[Site "Philadelphia United States"]
[Date "2008.11.29"]
[Round "3.3"]
[White "Ivanov, Alexander"]
[Black "Ludwig, Daniel"]
[Result "0-1"]
[WhiteElo "2602"]
[BlackElo "2455"]
[PlyCount "80"]
[EventDate "2008.11.28"]
[Source "MonRoi"]

1. e4 c5 2. Nf3 d6 3. d4 cxd4 4. Nxd4 Nf6 5. Nc3 a6 6. g3 e6 7. Bg2 Be7 8. O-O
O-O 9. Be3 Qc7 10. g4 Nc6 11. g5 Nd7 12. f4 Re8 13. Qd2 Bf8 14. Kh1 Nxd4 15.
Bxd4 b5 16. f5 Ne5 17. g6 hxg6 18. Bxe5 dxe5 19. fxg6 fxg6 20. Qg5 Be7 21. Qxg6
Rf8 22. Rxf8+ Kxf8 23. Nd1 Bc5 24. Qh7 Qf7 25. Nc3 Be7 26. Qh8+ Qg8 27. Qh3 Bf6
28. a4 b4 29. Na2 a5 30. c3 bxc3 31. Nxc3 Bd7 32. Nb5 Bxb5 33. axb5 Kf7 34. Qb3
Qd8 35. Bh3 Qb6 36. Rc1 Rd8 37. Rc6 Qf2 38. Bxe6+ Kf8 39. Rc1 Bg5 40. Rd1 Rd2
0-1

[Event "National Chess Congress"]
[Site "Philadelphia United States"]
[Date "2008.11.29"]
[Round "3.4"]
[White "Zlotnikov, Mikhail"]
[Black "Ippolito, Dean"]
[Result "1/2-1/2"]
[WhiteElo "2338"]
[BlackElo "2494"]
[PlyCount "61"]
[EventDate "2008.11.28"]
[Source "MonRoi"]

1. c4 e5 2. Nc3 Bb4 3. Nd5 Bd6 4. d4 c6 5. dxe5 Bxe5 6. Nf3 d6 7. Nxe5 dxe5 8.
Nc3 Qxd1+ 9. Nxd1 Be6 10. b3 Ne7 11. Bb2 f6 12. Nc3 Na6 13. O-O-O Rd8 14. Rxd8+
Kxd8 15. g3 Kc7 16. Bg2 Rd8 17. Rd1 Rxd1+ 18. Kxd1 Nb4 19. Kd2 a5 20. Be4 h6
21. Bb1 b6 22. f4 exf4 23. gxf4 Nf5 24. Ne4 Kd7 25. a3 Na6 26. Bd3 Nd6 27. Bd4
c5 28. Nxd6 Kxd6 29. Bc3 Nb8 30. e4 Nd7 31. Ke3 1/2-1/2

[Event "National Chess Congress"]
[Site "Philadelphia United States"]
[Date "2008.11.29"]
[Round "3.5"]
[White "Heimann, Alexander"]
[Black "Smith, Bryan"]
[Result "0-1"]
[WhiteElo "2312"]
[BlackElo "2469"]
[PlyCount "92"]
[EventDate "2008.11.28"]
[Source "MonRoi"]

1. Nf3 c5 2. c4 g6 3. d4 Bg7 4. e4 Qb6 5. dxc5 Qxc5 6. Nc3 Bxc3+ 7. bxc3 Nc6 8.
Qd5 d6 9. Nd4 Qb6 10. Nxc6 bxc6 11. Qd4 Nf6 12. Bd3 c5 13. Qe3 O-O 14. O-O Bb7
15. Rb1 Qc6 16. Qe2 Rab8 17. Bg5 Ba8 18. f3 Qc7 19. Rb3 Bc6 20. Rfb1 Rb6 21.
Bc2 Rfb8 22. Qe3 Bd7 23. h3 Be6 24. Bd3 a5 25. f4 a4 26. Rxb6 Rxb6 27. Rxb6
Qxb6 28. f5 Bd7 29. e5 dxe5 30. Qxe5 Kf8 31. fxg6 hxg6 32. Bf1 Be6 33. Bxf6
exf6 34. Qxf6 Qb2 35. Qf2 a3 36. Qxc5+ Kg8 37. Qf2 Qxc3 38. Qe2 Bf5 39. Qe8+
Kg7 40. Qb5 Qd4+ 41. Kh2 Qa1 42. c5 Qxa2 43. Bc4 Qb2 44. Qa4 Be4 45. Kg3 g5 46.
Bf1 a2 0-1

[Event "National Chess Congress"]
[Site "Philadelphia United States"]
[Date "2008.11.29"]
[Round "3.8"]
[White "Yang, Darwin"]
[Black "Lenderman, Alex"]
[Result "0-1"]
[WhiteElo "2279"]
[BlackElo "2528"]
[PlyCount "86"]
[EventDate "2008.11.28"]
[Source "MonRoi"]

1. d4 d5 2. c4 c6 3. Nf3 e6 4. e3 f5 5. Nbd2 Bd6 6. g3 Nf6 7. Bg2 O-O 8. O-O
Nbd7 9. b3 b6 10. Bb2 Ba6 11. Rc1 Rc8 12. Re1 Ne4 13. Bf1 Bb7 14. Ne5 Nxe5 15.
dxe5 Bb4 16. Nxe4 fxe4 17. Qg4 Bxe1 18. Qxe6+ Kh8 19. Rxe1 dxc4 20. Qxc4 Qd5
21. Qc3 Qf7 22. Qc2 c5 23. Bc3 Rcd8 24. Qb2 Bd5 25. Rd1 Qf3 26. Rd2 Be6 27. Rd6
Qf5 28. h4 h6 29. Bg2 Rxd6 30. exd6 Rf7 31. Be5 Kh7 32. Bf4 Bd5 33. Kh2 Bc6 34.
Qe2 Qd5 35. Bf1 b5 36. Bh3 c4 37. bxc4 bxc4 38. g4 Qd3 39. Qe1 c3 40. g5 hxg5
41. hxg5 g6 42. Be6 Rxf4 43. exf4 Qxd6 0-1

[Event "National Chess Congress"]
[Site "Philadelphia United States"]
[Date "2008.11.29"]
[Round "3.9"]
[White "Foisor, Sabina"]
[Black "Treger, Yefim"]
[Result "1/2-1/2"]
[WhiteElo "2495"]
[BlackElo "2269"]
[PlyCount "138"]
[EventDate "2008.11.28"]
[Source "MonRoi"]

1. d4 g6 2. c4 Bg7 3. Nc3 d6 4. e4 e5 5. d5 Nf6 6. f3 Nfd7 7. Bd3 Na6 8. Be3
Bh6 9. Bxh6 Qh4+ 10. g3 Qxh6 11. Qd2 Qg7 12. O-O-O Ndc5 13. Bc2 Nb4 14. Nb5
Nxc2 15. Kxc2 f5 16. b4 Na4 17. Kb3 a6 18. Nc3 Nxc3 19. Qxc3 O-O 20. exf5 b5
21. c5 gxf5 22. Ne2 c6 23. Kb2 a5 24. Qb3 Re8 25. Rhe1 axb4 26. cxd6 c5 27. Qe3
Qa7 28. Nc1 c4 29. Qxa7 Rxa7 30. Re3 Kf7 31. g4 Ra6 32. a3 f4 33. Re4 bxa3+ 34.
Ka2 Rxd6 35. Ne2 Bd7 36. Kxa3 Ra6+ 37. Kb4 Rh6 38. Ra1 Re7 39. Kc5 Be8 40. d6
Rd7 41. Rd1 Re6 42. Nc3 b4 43. Nb5 Rb7 44. Nc7 c3 45. Nxe6 Rb5+ 46. Kc4 Kxe6
47. Kb3 Bc6 48. Rxb4 c2 49. Rc1 Rxb4+ 50. Kxb4 Kxd6 51. Rxc2 Bxf3 52. Rd2+ Ke6
53. h3 e4 54. Kc4 e3 55. Rb2 e2 56. Rb1 Be4 57. Re1 f3 58. Kd4 f2 59. Rxe2 f1=Q
60. Rxe4+ Kf6 61. Re3 Qf4+ 62. Kd3 Kg5 63. Ke2 Qh2+ 64. Kd3 Qf4 65. Ke2 Qh2+
66. Kd3 Kh4 67. Ke4 Qg2+ 68. Kf4 Qf2+ 69. Ke4 Qg2+ 1/2-1/2